Proceedings of the Indian National Congress (Record no. 18502)

MARC details
000 -LEADER
fixed length control field 00749nam a2200205Ia 4500
003 - CONTROL NUMBER IDENTIFIER
control field IN-BaIIA
008 - FIXED-LENGTH DATA ELEMENTS--GENERAL INFORMATION
fixed length control field 211028s9999 xx 000 0 eng d
020 ## - INTERNATIONAL STANDARD BOOK NUMBER
International Standard Book Number 978-93-81523-14-8
040 ## - CATALOGING SOURCE
Transcribing agency IIA Library
080 ## - UNIVERSAL DECIMAL CLASSIFICATION NUMBER
Universal Decimal Classification number 063:329(540)
Item number PRO
111 ## - MAIN ENTRY--MEETING NAME
Meeting name or jurisdiction name as entry element Indian National Congress
Number of part/section/meeting 1st
Location of meeting Bombay
9 (RLIN) 35544
245 #0 - TITLE STATEMENT
Title Proceedings of the Indian National Congress
Remainder of title vol. 1, 1885-1889; proceedings of conference held in Bombay, December 28-30, 1885-1889
Statement of responsibility, etc. edited by Mushirul Hasan
260 ## - PUBLICATION, DISTRIBUTION, ETC.
Place of publication, distribution, etc. New Delhi
Name of publisher, distributor, etc. Niyogi Books
Date of publication, distribution, etc. 2012
300 ## - PHYSICAL DESCRIPTION
Extent [various pagings.]
650 ## - SUBJECT ADDED ENTRY--TOPICAL TERM
Topical term or geographic name entry element Indian National Congress
9 (RLIN) 35545
650 ## - SUBJECT ADDED ENTRY--TOPICAL TERM
Topical term or geographic name entry element Origine of Indian Congress
9 (RLIN) 35546
650 ## - SUBJECT ADDED ENTRY--TOPICAL TERM
Topical term or geographic name entry element Resolutions of Congress
9 (RLIN) 35547
700 ## - ADDED ENTRY--PERSONAL NAME
Personal name Hasan, Mushirul, ed.
9 (RLIN) 35548
942 ## - ADDED ENTRY ELEMENTS (KOHA)
Koha item type Books
Holdings
Withdrawn status Lost status Damaged status Not for loan Home library Current library Shelving location Date acquired Source of acquisition Cost, normal purchase price Total Checkouts Full call number Barcode Date last seen Cost, replacement price Price effective from Koha item type Purchase Price
        IIA Library-Bangalore IIA Library-Bangalore General Stacks 24/01/2013 ANJ 1500.00   063:329(540)/ PRO 19424 05/11/2021 1500.00 24/01/2013 Books Rs. 1500.00

Powered by Koha